00947nam a2200193 a 450000100100000000500170001000800410002702000150006824502410008326000890032430000370041350400730045050000210052370000470054470000320059170000400062371000770066304000130074000004193320201002035835.0131023s2003 sp 000 0 spa d a840008151X 0aVida y obra del Rvdmo. P. M. Fray Martín Sarmiento (1695-1772) :bsacada a la letra de un manuscrito anónimo de S. XVIII /cedición de Isidro García Tato y Felipe Valdés Hansen ; prólogo, Eduardo Pardo de Guevara y Valdés. aSantiago de Compostela :bInstituto de Estudios Gallegos "Padre Sarmiento",c2003.a. aXXXVIII, 352 p. :bil. ;c25 cm. aIncluye referencias bibliográficas y notas al pie de las páginas aIncluye índice1 aGuevara y Valdés, Eduardo Pardoepról.1 aGarcía Tato, Isidro,eed.1 aValdés Hansen, Feliped1975-eed.2 aInstituto Padre Sarmiento de Estudios Gallegos (Santiago de Compostela), aDO-SdBNP